judicial

Tratado de la prueba electronica I (Registro nro. 6514)

Detalles MARC
000 -LEADER
fixed length control field 01826nam a22006017a 4500
003 - CONTROL NUMBER IDENTIFIER
control field OSt
005 - DATE AND TIME OF LATEST TRANSACTION
control field 20260401110756.0
007 - PHYSICAL DESCRIPTION FIXED FIELD--GENERAL INFORMATION
fixed length control field ta
008 - FIXED-LENGTH DATA ELEMENTS--GENERAL INFORMATION
fixed length control field 260401s2025 ag ||||| |||| 00| 0 spa d
020 ## - INTERNATIONAL STANDARD BOOK NUMBER
International Standard Book Number 9789870349747
040 ## - CATALOGING SOURCE
Transcribing agency cj catamarca
082 ## - DEWEY DECIMAL CLASSIFICATION NUMBER
Classification number 34:62 B587t I
100 10 - MAIN ENTRY--PERSONAL NAME
9 (RLIN) 303
Personal name Bielli, Gaston Enrique
245 10 - TITLE STATEMENT
Title Tratado de la prueba electronica I
250 ## - EDITION STATEMENT
Edition statement 2º ed.
260 ## - PUBLICATION, DISTRIBUTION, ETC.
Place of publication, distribution, etc. CABA:
Name of publisher, distributor, etc. La Ley,
Date of publication, distribution, etc. 2025
300 ## - PHYSICAL DESCRIPTION
Extent V.1, 976 p.
Dimensions 24 cm
500 ## - GENERAL NOTE
General note INVENTARIO Nº 8134
650 #7 - SUBJECT ADDED ENTRY--TOPICAL TERM
Source of heading or term SAIJ
653 ## - INDEX TERM--UNCONTROLLED
Uncontrolled term DERECHO INFORMATICO
653 ## - INDEX TERM--UNCONTROLLED
Uncontrolled term PRUEBA ELECTRONICA
653 ## - INDEX TERM--UNCONTROLLED
Uncontrolled term PRUEBA-CCYC
653 ## - INDEX TERM--UNCONTROLLED
Uncontrolled term PRUEBA-PENAL
653 ## - INDEX TERM--UNCONTROLLED
Uncontrolled term NOCIONES TECNICAS-CONCEPTOS
653 ## - INDEX TERM--UNCONTROLLED
Uncontrolled term FIRMA DIGITAL-LEY 25.506
653 ## - INDEX TERM--UNCONTROLLED
Uncontrolled term FIRMA ELECTRONICA
653 ## - INDEX TERM--UNCONTROLLED
Uncontrolled term DCTO. 743/2024-FIRMA DIGITAL
653 ## - INDEX TERM--UNCONTROLLED
Uncontrolled term PRUEBA ELECTRONICA-JUEZ
653 ## - INDEX TERM--UNCONTROLLED
Uncontrolled term PRUEBA ELECTRONICA-CADENA DE CUSTODIA
653 ## - INDEX TERM--UNCONTROLLED
Uncontrolled term PRUEBA ELECTRONICA-DERECHO CONSTITUCIONAL
653 ## - INDEX TERM--UNCONTROLLED
Uncontrolled term IDENTIDAD DIGITAL
653 ## - INDEX TERM--UNCONTROLLED
Uncontrolled term AUTENTIFICACION-IDENTIFICACION
653 ## - INDEX TERM--UNCONTROLLED
Uncontrolled term PRUEBA ELECTRONICA-ILICITUD
653 ## - INDEX TERM--UNCONTROLLED
Uncontrolled term PRUEBA ELECTRONICA-ADULTERACION-MANIPULACION
653 ## - INDEX TERM--UNCONTROLLED
Uncontrolled term PRUEBA ELECTRONICA-FUENTES
653 ## - INDEX TERM--UNCONTROLLED
Uncontrolled term PAGINAS WEB
653 ## - INDEX TERM--UNCONTROLLED
Uncontrolled term CORREOS ELECTRONICOS
653 ## - INDEX TERM--UNCONTROLLED
Uncontrolled term WHATSAPP
653 ## - INDEX TERM--UNCONTROLLED
Uncontrolled term FACEBOOK
653 ## - INDEX TERM--UNCONTROLLED
Uncontrolled term X (TWITTER)
653 ## - INDEX TERM--UNCONTROLLED
Uncontrolled term INSTAGRAM
653 ## - INDEX TERM--UNCONTROLLED
Uncontrolled term YOUTUBE
653 ## - INDEX TERM--UNCONTROLLED
Uncontrolled term PLATAFORMA VIDEOCONFERENCIA
653 ## - INDEX TERM--UNCONTROLLED
Uncontrolled term AUDIO-VIDEO-IMAGEN DIGITAL
653 ## - INDEX TERM--UNCONTROLLED
Uncontrolled term PRIVACIDAD-INTERNET
653 ## - INDEX TERM--UNCONTROLLED
Uncontrolled term INTIMIDAD-INTERNET
653 ## - INDEX TERM--UNCONTROLLED
Uncontrolled term PRINCIPIO DE IGUALDAD
653 ## - INDEX TERM--UNCONTROLLED
Uncontrolled term DERECHO A LA PROPIEDAD
700 10 - ADDED ENTRY--PERSONAL NAME
9 (RLIN) 304
Personal name Ordoñez, Carlos J.
Relator term dir.
700 #0 - ADDED ENTRY--PERSONAL NAME
9 (RLIN) 28
Personal name Quadri, Gabriel Hernan
Relator term dir.
856 ## - ELECTRONIC LOCATION AND ACCESS
Uniform Resource Identifier <a href="https://drive.google.com/file/d/1wbsjyE0k8z8BsArUrrDYO5GrkmpwmAYr/view?usp=sharing">https://drive.google.com/file/d/1wbsjyE0k8z8BsArUrrDYO5GrkmpwmAYr/view?usp=sharing</a>
942 ## - ADDED ENTRY ELEMENTS (KOHA)
Source of classification or shelving scheme Dewey Decimal Classification
Koha item type Book
Suppress in OPAC No
Existencias
Withdrawn status Lost status Source of classification or shelving scheme Damaged status Not for loan Home library Current library Date acquired Source of acquisition Total Checkouts Full call number Barcode Date last seen Price effective from Koha item type
    Dewey Decimal Classification     PJCB PJCB 04/01/2026 Compra   34:62 B587t I 8134 04/01/2026 04/01/2026 Book
-->
  •  poder judicial

    Con tecnología Koha